[Event "Joacaba op 2nd"]
[Site "Joacaba"]
[Date "2023.07.02"]
[Round "5"]
[White "Boeck, Moacir Luis"]
[Black "Guerreiro, Heitor Koffermann"]
[Result "1-0"]
[WhiteElo "1862"]
[BlackElo "1375"]
[PlyCount "47"]
[EventDate "2023.06.30"]
[EventType "swiss"]
[EventRounds "6"]
[EventCountry "BRA"]
[SourceTitle "CBM 215 Extra"]
[Source "ChessBase"]
[SourceDate "2023.09.30"]
[SourceVersion "1"]
[SourceVersionDate "2023.09.30"]
[SourceQuality "1"]

1. e4 c6 2. c4 d5 3. exd5 cxd5 4. cxd5 Qxd5 5. Nc3 Qd8 6. d4 Nf6 7. Bd3 g6 8. Nf3 Bg7 9. 0-0 0-0 10. Re1 Bg4 11. h3 Be6 12. Rxe6 fxe6 13. Ng5 Qd7 14. Bc4 Nd5 15. Nxe6 Nxc3 16. bxc3 Kh8 17. Nxf8 Bxf8 18. Qf3 Nc6 19. Bd2 Bg7 20. Re1 Rf8 21. Qe4 Qf5 22. Qxf5 Rxf5 23. f4 Bf8 24. g4 1-0

[Event "Joacaba op 2nd"]
[Site "Joacaba"]
[Date "2023.07.02"]
[Round "6"]
[White "Guerreiro, Heitor Koffermann"]
[Black "Rodrigues, Emanuela Isabele"]
[Result "1/2-1/2"]
[WhiteElo "1375"]
[BlackElo "1787"]
[PlyCount "27"]
[EventDate "2023.06.30"]
[EventType "swiss"]
[EventRounds "6"]
[EventCountry "BRA"]
[SourceTitle "CBM 215 Extra"]
[Source "ChessBase"]
[SourceDate "2023.09.30"]
[SourceVersion "1"]
[SourceVersionDate "2023.09.30"]
[SourceQuality "1"]

1. e4 c6 2. Nc3 d5 3. Nf3 dxe4 4. Nxe4 Nf6 5. Nxf6+ exf6 6. Bc4 Be7 7. 0-0 0-0 8. d4 Bg4 9. c3 Qc7 10. h3 Bh5 11. Re1 b5 12. Bd3 Re8 13. b3 Nd7 14. d5 1/2-1/2

[Event "Joacaba op 2nd"]
[Site "Joacaba"]
[Date "2023.06.30"]
[Round "1"]
[White "Guerreiro, Heitor Koffermann"]
[Black "Trentini, Agata Papini"]
[Result "1-0"]
[WhiteElo "1375"]
[BlackElo "1683"]
[PlyCount "61"]
[EventDate "2023.06.30"]
[EventType "swiss"]
[EventRounds "6"]
[EventCountry "BRA"]
[SourceTitle "CBM 215 Extra"]
[Source "ChessBase"]
[SourceDate "2023.09.30"]
[SourceVersion "1"]
[SourceVersionDate "2023.09.30"]
[SourceQuality "1"]

1. e4 e5 2. Nf3 Nc6 3. Bc4 Nf6 4. d3 h6 5. 0-0 Bc5 6. Be3 Bb6 7. c3 d6 8. Nbd2 Bg4 9. b4 0-0 10. Qc2 Qd7 11. a3 Ne7 12. d4 Ng6 13. h3 Bh5 14. Rfe1 Nf4 15. dxe5 dxe5 16. Nxe5 Nxh3+ 17. gxh3 Qxh3 18. Bf1 Qe6 19. Bxb6 Qxe5 20. Bd4 Qf4 21. Re3 Ng4 22. Rg3 Rad8 23. Nf3 Nf6 24. Bg2 g6 25. Be5 Qxe4 26. Qxe4 Nxe4 27. Rh3 c6 28. Rh4 Ng5 29. Nxg5 hxg5 30. Rd4 Rde8 31. Bd6 1-0

[Event "Florianopolis op 9th"]
[Site "Florianopolis"]
[Date "2023.01.29"]
[Round "10"]
[White "Guerreiro, Heitor Koffermann"]
[Black "Da Silva, Carlos Rafael Rego"]
[Result "1/2-1/2"]
[WhiteElo "1313"]
[BlackElo "1778"]
[PlyCount "75"]
[EventDate "2023.01.23"]
[EventType "swiss"]
[EventRounds "10"]
[EventCountry "BRA"]
[SourceTitle "CBM 212 Extra"]
[Source "ChessBase"]
[SourceDate "2023.03.31"]
[SourceVersion "1"]
[SourceVersionDate "2023.03.31"]
[SourceQuality "1"]

1. d4 Nf6 2. Nc3 d5 3. Bg5 Nbd7 4. Nf3 g6 5. e3 Bg7 6. Be2 0-0 7. 0-0 c5 8. dxc5 Nxc5 9. Bxf6 Bxf6 10. Nxd5 Bxb2 11. Rb1 Bg7 12. c4 e6 13. Nf4 b6 14. Qxd8 Rxd8 15. Rfd1 Bb7 16. Rxd8+ Rxd8 17. Rd1 Rxd1+ 18. Bxd1 Ne4 19. Ne2 Kf8 20. Nfd4 Nd2 21. Bb3 Ba6 22. Nb5 Bxb5 23. cxb5 Nxb3 24. axb3 Ke7 25. Kf1 Kd6 26. Ke1 Kc5 27. Kd2 Kxb5 28. Ng3 Kb4 29. Kc2 Be5 30. f4 Bg7 31. Ne4 h6 32. Nd6 f5 33. Nc8 g5 34. Nxa7 Kc5 35. Kd3 e5 36. fxe5 Bxe5 37. h3 Bb8 38. Nc8 1/2-1/2

[Event "Florianopolis op 9th"]
[Site "Florianopolis"]
[Date "2023.01.25"]
[Round "4"]
[White "Guerreiro, Heitor Koffermann"]
[Black "Melo, Igor De Souza"]
[Result "1/2-1/2"]
[WhiteElo "1313"]
[BlackElo "1749"]
[PlyCount "55"]
[EventDate "2023.01.23"]
[EventType "swiss"]
[EventRounds "10"]
[EventCountry "BRA"]
[SourceTitle "CBM 212 Extra"]
[Source "ChessBase"]
[SourceDate "2023.03.31"]
[SourceVersion "1"]
[SourceVersionDate "2023.03.31"]
[SourceQuality "1"]

1. d4 d5 2. c4 e6 3. Nf3 Nf6 4. g3 dxc4 5. Bg2 Nc6 6. Qa4 Bb4+ 7. Bd2 Nd5 8. Bxb4 Ndxb4 9. a3 b5 10. Qd1 Nd5 11. a4 b4 12. e4 Nf6 13. Qc2 Nxd4 14. Qxc4 Nxf3+ 15. Bxf3 a5 16. 0-0 0-0 17. Rc1 Bb7 18. Rd1 Qe7 19. Nd2 e5 20. Rac1 Rfc8 21. Nb3 c5 22. Bg2 Rc7 23. Qb5 Bxe4 24. Nxc5 Bxg2 25. Kxg2 Rac8 26. Nd3 Rxc1 27. Rxc1 Rxc1 28. Nxc1 1/2-1/2

[Event "Concordia op 6th"]
[Site "Concordia"]
[Date "2022.10.12"]
[Round "1"]
[White "Becker, Rogerio Sperb"]
[Black "Guerreiro, Heitor Koffermann"]
[Result "1-0"]
[WhiteElo "2081"]
[BlackElo "1218"]
[PlyCount "57"]
[EventDate "2022.10.12"]
[EventType "swiss"]
[EventRounds "9"]
[EventCountry "BRA"]
[SourceTitle "CBM 210 Extra"]
[Source "ChessBase"]
[SourceDate "2022.11.30"]
[SourceVersion "1"]
[SourceVersionDate "2022.11.30"]
[SourceQuality "1"]

1. c4 Nf6 2. g3 e6 3. Nf3 d5 4. Bg2 Be7 5. 0-0 0-0 6. Qc2 c6 7. b3 Na6 8. Bb2 Nb4 9. Qc1 c5 10. d4 b6 11. dxc5 bxc5 12. cxd5 exd5 13. a3 Na6 14. Nbd2 Rb8 15. Qc2 Qb6 16. Rac1 Be6 17. Rfd1 d4 18. b4 Rfc8 19. Qd3 Nc7 20. Ba1 Qb5 21. bxc5 Bxc5 22. Bxd4 Qxd3 23. exd3 Bxa3 24. Ra1 Nb5 25. Bxa7 Rb7 26. Nd4 Nxa7 27. Bxb7 Rc7 28. Rxa3 Rxb7 29. Rda1 1-0